000 00514nam a2200181Ia 4500
005 20250326124838.0
008 250326s9999 xx 000 0 und d
037 _aTextbook
040 _aFMSL
_beng
_cFMSL
041 _aeng
_2eng
084 _aX:8C-K K5;L1
_qFMSL
100 _aTaylor A H
245 0 _aFicial and cost accounting for management
_cTaylor A H; Shearing H
260 _aLondon
_bLondon, E L B S
_c1971
300 _a365p
942 _cTB
_hX:8C-K K5;L1
999 _c1275477
_d1275477